Central Library OPAC University of Rajshahi

Husa's pharmaceutical dispensing ; (Record no. 14295)

MARC details
000 -LEADER
fixed length control field 01219cam a22003251 4500
001 - CONTROL NUMBER
control field 14295
003 - CONTROL NUMBER IDENTIFIER
rucl marc code BD-RjUL
005 - DATE AND TIME OF LATEST TRANSACTION
control field 20211208235614.0
008 - FIXED-LENGTH DATA ELEMENTS--GENERAL INFORMATION
fixed length control field 140205r1966 uuuuxx 000 0 eng
035 ## - SYSTEM CONTROL NUMBER
System control number (BD-RjUL) 14347
System control number (OCoLC)1557532
040 ## - CATALOGING SOURCE
Original cataloging agency DLC
Transcribing agency MBNU
Modifying agency OTMC
-- OCoLC
-- BD-RjUL
Language of cataloging eng
041 ## - LANGUAGE CODE
Language code of text/sound track or separate title eng
060 ## - NATIONAL LIBRARY OF MEDICINE CALL NUMBER
Classification number QV 778 M379h 1966
082 ## - DEWEY DECIMAL CLASSIFICATION NUMBER
Classification number 615.4
Author mark and year HUS 1966
100 1# - MAIN ENTRY--PERSONAL NAME
Personal name Martin, Eric W
Fuller form of name (Eric Wentworth),
Dates associated with a name 1912-
9 (RLIN) 44640
245 10 - TITLE STATEMENT
Title Husa's pharmaceutical dispensing ;
Remainder of title a textbook and reference manual on drug development, pharmaceutical compounding, and dispensing /
Statement of responsibility, etc. Editor: Eric W. Martin. Managing editor: John E. Hoover.
250 ## - EDITION STATEMENT
Edition statement 6th ed.
260 ## - PUBLICATION, DISTRIBUTION, ETC. (IMPRINT)
Place of publication, distribution, etc. Easton, Pa.,
Name of publisher, distributor, etc. Mack Pub. Co.,
Date of publication, distribution, etc. 1966.
300 ## - PHYSICAL DESCRIPTION
Pagination 903 p.:
Illustrations illus., ports. ;
Size 26 cm.
504 ## - BIBLIOGRAPHY, ETC. NOTE
Bibliography, etc Includes bibliographical references.
650 #0 - SUBJECT ADDED ENTRY--TOPICAL TERM
Topical term or geographic name as entry element Pharmacy.
9 (RLIN) 44641
Topical term or geographic name as entry element Medicine
Form subdivision Formulae, receipts, prescriptions.
9 (RLIN) 39285
700 1# - ADDED ENTRY--PERSONAL NAME
Personal name Hoover, John E.
Fuller form of name (John Edward),
Dates associated with a name 1929-
Personal name Husa, William J.
Fuller form of name (William John),
Dates associated with a name 1896-1985.
942 ## - ADDED ENTRY ELEMENTS (KOHA)
Source of classification or shelving scheme Dewey Decimal Classification
Koha item type Books
Holdings
Lost status Source of classification or shelving scheme Damaged status Not for loan Collection code Permanent Location Current Location Shelving location Date acquired Source of acquisition Cost, normal purchase price Total Checkouts Full call number Date last seen Date checked out Copy number Koha item type
  Dewey Decimal Classification     Non-fiction Central Library, University of Rajshahi Central Library, University of Rajshahi   23/01/1969 Book View, Dacca 72.00 3 615.4 HUS 1966 28/11/2018 13/11/2018 C-6 Books
  Dewey Decimal Classification     Non-fiction Central Library, University of Rajshahi Central Library, University of Rajshahi   23/01/1969 Book View, Dacca 72.00   615.4 HUS 1966 24/04/2014   C-3 Books
  Dewey Decimal Classification     Non-fiction Central Library, University of Rajshahi Central Library, University of Rajshahi   22/01/1969 Pakistan book corp. Dacca. 72.00 2 615.4 HUS 1966 18/12/2023 07/11/2023 C-2 Books
  Dewey Decimal Classification   Not For Loan Non-fiction Central Library, University of Rajshahi Central Library, University of Rajshahi Reading Room 23/01/1969 Pakistan Book Centre 72.00   615.4 HUS 1966 29/05/2017   C-1 Books
  Dewey Decimal Classification     Non-fiction Central Library, University of Rajshahi Central Library, University of Rajshahi   22/01/1969 pakistan book co., dacca 72.00   615.4 HUS 1966 19/03/2019   C-4 Books